000 00392nam a2200133Ia 4500
008 220214s9999 xx 000 0 und d
022 _a0253-150X
245 0 _aAGRICULTURAL SCIENCE DIGEST
260 _bAgricultural Research Communication Centre, Karnal, Haryana
_aIndia
310 _aQ
500 _aEnding Volume & Year: 8, 1988
500 _aStarting Volume & Year: 3, 1983
942 _cBJ
999 _c16542
_d16542